00222nam a2200085Ia 4500001000800000005001700008008004100025245004900066260002100115117551820250827012652.0250824s9999 xx 000 0 und d 0aMESNEVİ V1 3cMEVLANA CELALEDDİN RUMİ bPANAMA YAYINLARI